| 000 | 00880cam a22002775a 4500 | ||
|---|---|---|---|
| 001 | 016501592 | ||
| 003 | OSt | ||
| 005 | 20151210115112.0 | ||
| 008 | 150106t2014 enka fr 001 0 eng d | ||
| 020 | _a9781292023007 (paperback) | ||
| 020 | _a1292023007 (paperback) | ||
| 040 |
_aStDuBDS _beng _cStDuBDS _dEG-ScBUE |
||
| 082 | 0 | 4 |
_a658.40355 _222 _bHAN |
| 100 | 1 |
_aHanke, John E., _d1940- _938891 |
|
| 245 | 1 | 0 |
_aBusiness forecasting / _cJohn E. Hanke, Dean Wichern. |
| 250 | _a9th ed., Pearson new international ed. | ||
| 260 |
_aHarlow : _bPearson Education Limited, _cc.2014. |
||
| 300 |
_aii, 506 p. : _bill. (black and white) ; _c28 cm. |
||
| 500 | _aIndex : p. 501-505. | ||
| 541 | _aBUE book fair. | ||
| 650 | 0 |
_aBusiness forecasting _xStatistical methods. _2BUEsh |
|
| 651 | _2BUEsh | ||
| 653 |
_bBUSECO _cDecember2015 |
||
| 700 | 1 | _aWichern, Dean W., | |
| 942 | _2ddc | ||
| 999 |
_c21105 _d21077 |
||